Speaking English Effectively (Record no. 800)

MARC details
000 -LEADER
Fixed length control field 00466nam a2200169 4500
003 - CONTROL NUMBER IDENTIFIER
Control field SEACOMMC
005 - DATE AND TIME OF LATEST TRANSACTION
Control field 20250425135827.0
008 - FIXED-LENGTH DATA ELEMENTS--GENERAL INFORMATION
Fixed length control field 241127b |||||||| |||| 00| 0 eng d
020 ## - INTERNATIONAL STANDARD BOOK NUMBER / ISBN
International Standard Book Number 978-93-5138-285-0
Price Rs.115.00
040 ## - CATALOGING SOURCE
Original cataloging agency SEACOMMC
082 ## - DEWEY DECIMAL CLASSIFICATION NUMBER
Classification number 428.3
Book Number M 697
100 ## - MAIN ENTRY--PERSONAL NAME
Personal name Mohan,Krishna
245 1# - TITLE STATEMENT
Title Speaking English Effectively
Statement of responsibility Krishna Mohan [and] N. P Singh
260 ## - IMPRINT
Place of publication New Delhi
Name of publisher Macmillian
Date of publication 1995
650 ## - SUBJECT ADDED ENTRY--TOPICAL TERM
Topical term English Speaking
942 ## - ADDED ENTRY ELEMENTS (KOHA)
Koha item type Books
Holdings
Withdrawn status Lost status Source of classification Damaged status Not for loan Home library Current library Shelving location Date acquired Total Checkouts Call number Accession number Date last seen Price effective from Koha item type Copy number
    Dewey Decimal Classification     SEACOM MANAGEMENT COLLEGE SEACOM MANAGEMENT COLLEGE Reference 23/11/2007   428.3 M 697 M-1037 27/11/2024 27/11/2024 Books  
    Dewey Decimal Classification     SEACOM MANAGEMENT COLLEGE SEACOM MANAGEMENT COLLEGE   23/11/2007   428.3 M 697 M-1038 27/11/2024 27/11/2024 Books 1
© Seacom Engineering College, All rights reserved.    Powered by Koha